Barrios de Barcelona en el mapa - Estadísticas

Estadísticas generales
  • Esta prueba ha sido intentada 4.936 veces
  • La puntuación promedio es 32 de 75
Respuestas en el mapa
Las respuestas están codificadas por una escala verde-roja en el mapa de la prueba según el % correcto abajo.
 
Estadísticas de respuestas
Respuesta % Correcto
la Barceloneta
80%
Vila de Gràcia
80%
Sants-Badal
76%
Sarrià
76%
el Raval
72%
Parc de Montjuïc
72%
Sants
72%
Sant Gervasi-Bonanova
70%
Horta
69%
Zona Franca-Port
69%
les Corts
67%
Sant Gervasi-Galvany
67%
el Poblenou
66%
Sant Andreu de Palomar
65%
el Gòtic
64%
el Guinardó
62%
el Poble-sec
57%
Sant Martí de Provençals
57%
Pedralbes
56%
Vallvidrera, el Tibidabo i les Planes
55%
el Clot
54%
la Sagrada Família
54%
el Carmel
50%
el Coll
47%
la Sagrera
47%
Sant Antoni
47%
el Besòs i el Maresme
46%
la Dreta de l'Eixample
46%
la Trinitat Nova
46%
la Trinitat Vella
45%
la Vall d'Hebron
45%
la Vila Olímpica del Poblenou
43%
Vallcarca i els Penitents
43%
Torre Baró
42%
la Verneda i la Pau
40%
les Tres Torres
39%
el Putxet i el Farró
38%
Ciutat Meridiana
36%
Hostafrancs
36%
la Nova Esquerra de l'Eixample
36%
Canyelles
35%
Sant Pere, Santa Caterina i la Ribera
35%
el Bon Pastor
34%
Navas
34%
Diagonal Mar i el Front Marítim del Poblenou
33%
el Camp de l'Arpa del Clot
33%
l'Antiga Esquerra de l'Eixample
33%
les Roquetes
33%
Montbau
33%
la Teixonera
32%
Vilapicina i la Torre Llobeta
32%
el Fort Pienc
31%
el Parc i la Llacuna del Poblenou
30%
el Congrés i els Indians
29%
la Guineueta
29%
la Salut
29%
el Baix Guinardó
27%
el Camp d'en Grassot i Gràcia Nova
27%
la Maternitat i Sant Ramon
27%
Baró de Viver
26%
la Bordeta
25%
Porta
25%
Vallbona
25%
la Prosperitat
24%
Provençals del Poblenou
23%
Sant Genís dels Agudells
23%
el Turó de la Peira
22%
Can Baró
21%
la Clota
21%
la Font d'en Fargues
21%
la Font de la Guatlla
20%
la Marina del Port
20%
la Marina del Prat Vermell
20%
Verdun
20%
Can Peguera
16%
No se encontraron pruebas coincidentes
Distribución de puntuación
Porcentaje de gente con cada puntuación
Porcentaje por número respondido
Historial de tus puntuaciones
No has intentado esta prueba.